Представление документа в формате MARC21

Поле Инд. ПП Название Значение
Тип записи a
Библиографический уровень b
001 Контрольный номер RU/IS/BASE/269102696
005 Дата корректировки 20210830114050.8
008 Кодируемые данные 20080711
040 b Код языка каталог. rus
e Правила каталог. PSBO
041 0_ a Код языка текста rus
084 a Индекс другой классификации/Индекс ББК 63.3(2)521.1-7; 74.03(2)5
100 1_ a Автор Рогинский В.
q Полное имя Рогинский Вадим
245 10 a Заглавие Дневники финляндского студента
b Продолж. заглавия Историческое чтение
c Ответственность перевод с шведского Т. Тумаркиной; публикация М. Эрстрем
505 0_ a Форматированное содержание Дневник финляндского студента
a Форматированное содержание Эрик Густав Эрстрем для меня и моих друзей
520 0_ a Аннотация Судьба аспиранта Московского университета Эрика Густафа Эрстрёма (1791-1835) и его жизнь в России. Война 1812 г. в его дневниках.
600 14 a Персоналии Эрстрем Эрик Густав
650 04 a Основная рубрика история
a Основная рубрика история образования
a Основная рубрика образование
653 0_ a Ключевые слова XIX век
a Ключевые слова Москва
a Ключевые слова Московский университет им. М.В. Ломоносова (МГУ)
a Ключевые слова обучение
a Ключевые слова Отечественная война 1812
a Ключевые слова Россия
700 1_ a Автор Тумаркина Т.
e Роль лиц переводчик
700 1_ a Автор Эрстрем М.
e Роль лиц Автор публикации
q Полное имя Эрстрем Магдалена
773 18 t Заглавие источника Наше наследие
d Дата издания источника 1991
g Прочая информация № 5(23). - С. 63 - 82
w Контрольный № источника RU/IS/BASE/179596151
901 t Тип документа b